|
|
|
|
| LEADER |
00000cas a2200000 a 4500 |
| 001 |
vtls001350747 |
| 003 |
SK-MaSNL |
| 005 |
20260425193957.0 |
| 008 |
160415d19971997xo ar r 0y 0 |slo |
| 015 |
|
|
|a SNBA1999/03-00973 (r. 1997)
|
| 020 |
|
|
|a 8088774284 (r. 1997)
|
| 035 |
|
|
|a SNK000304091
|
| 040 |
|
|
|a SNK
|b slo
|c SNK
|e AACR2
|
| 041 |
0 |
|
|a slo
|b eng
|
| 044 |
|
|
|a xo
|c SK
|
| 072 |
|
7 |
|a 37
|x Výchova a vzdelávanie
|2 konspekt
|
| 080 |
|
|
|a 37.01
|2 2011
|
| 080 |
|
|
|a 37.015.31
|2 2011
|
| 080 |
|
|
|a 159.9
|2 2011
|
| 080 |
|
|
|a (082)
|2 2011
|
| 245 |
0 |
0 |
|a Acta Facultatis Paedagogicae Universitatis Tyrnaviensis
|n Séria A
|p Litterarum humanarum
|
| 246 |
1 |
0 |
|a Litterarum humanarum
|
| 246 |
1 |
3 |
|a Zborník Pedagogickej fakulty Trnavskej univerzity
|
| 260 |
|
|
|a Trnava
|b Trnavská univerzita, Pedagogická fakulta
|c 1997
|
| 300 |
|
|
|a 64 s.
|c 20 cm
|
| 310 |
|
|
|a 1x ročne
|
| 362 |
0 |
|
|a 1 (1997)
|
| 500 |
|
|
|a Zost.: Jozef Kapucian, Alfréd Trnka
|
| 504 |
|
|
|a Bibliogr. odkazy
|
| 546 |
|
|
|a Res. angl.
|
| 650 |
0 |
7 |
|a pedagogika
|2 SNKPH
|9 955
|
| 650 |
0 |
7 |
|a etická výchova
|2 SNKPH
|9 4075
|
| 650 |
0 |
7 |
|a psychológia
|2 SNKPH
|9 807
|
| 650 |
0 |
7 |
|a Pedagogics
|2 SNKPHeng
|9 265289
|
| 650 |
0 |
7 |
|a Ethical education
|2 SNKPHeng
|9 265290
|
| 650 |
0 |
7 |
|a Psychology
|2 SNKPHeng
|9 265291
|
| 655 |
|
7 |
|a zborníky
|2 SNKPH
|9 70165
|
| 655 |
|
7 |
|a Miscellanea
|2 SNKPHeng
|9 265155
|
| 700 |
1 |
|
|a Kapucian, Jozef,
|d 1935-
|4 com
|9 1634577
|
| 700 |
1 |
|
|a Trnka, Alfréd,
|d 1965-
|4 com
|9 120177
|
| 710 |
2 |
|
|a Trnavská univerzita v Trnave.
|b Pedagogická fakulta
|4 pbl
|9 180166
|
| 785 |
0 |
0 |
|t Acta Facultatis paedagogicae Universitatis Tyrnaviensis. Seria A, Humanitné vedy, Seria B, Prírodné vedy
|w vtls001378170
|
| 910 |
|
|
|a snk
|
| 919 |
|
|
|a 80-88774-28-4
|
| 958 |
|
|
|a NB
|
| 999 |
|
|
|c 462
|d 462
|
| 952 |
|
|
|a SNK
|b SNK
|y PREZ
|7 0
|p 17A0171899
|o snkČSD 2088/1/1997
|i snkKSP 11479/98
|0 0
|1 0
|4 0
|d 1998-12-14
|l 0
|r 2005-01-02 00:00:00
|w 2026-02-21
|
| 952 |
|
|
|a SNK
|b SNK
|y PREZ
|7 0
|p 17A0171900
|o snkČSD 2088/1/1997 D1
|i snkKSP 11480/98
|0 0
|1 0
|4 0
|d 1998-12-14
|l 0
|r 2005-01-02 00:00:00
|w 2026-02-21
|